| 000 | 02042cam a22004454i 4500 | ||
|---|---|---|---|
| 003 | PE-LiUPU | ||
| 005 | 20250731165436.0 | ||
| 008 | 160510s2006 pe a grm 000 0 spa d | ||
| 035 | _a(Sirsi) a156644 | ||
| 040 |
_aPE-LiUPU _bspa _cPE-LiUPU _erda |
||
| 099 |
_aTT 2 _bM42 2006 |
||
| 100 | 1 |
_aMendoza Alfaro, Juan Carlos _eautor |
|
| 245 | 1 |
_aExégesis de 1 Timoteo 4:4-5 / _cJuan Carlos Mendoza Alfaro. |
|
| 264 | 0 | _c2006. | |
| 300 |
_a46 hojas _c29 cm |
||
| 336 |
_atext _2rdacontent |
||
| 337 |
_aunmediated _2rdamedia |
||
| 338 |
_avolume _2rdacarrier |
||
| 502 |
_aTesis _b(Lic.) -- _cUniversidad Peruana Unión, _d2006. |
||
| 504 | _aIncluye referencias | ||
| 520 | 3 | _aEl cristianismo en el siglo I tuvo una infinidad de problemas: sociales y religiosos. Pablo tuvo que enfrentar en cada iglesia las falsas doctrinas y los falsos maestros que merodeaban la iglesia pero ala vez se estaban introduciendo ala misma. Cuándo pablo escribe a Timoteo estando este como pastor en la iglesia de Éfeso, lo hace con el propósito de mantener alerta a Timoteo frente alas doctrinas falsas que estaban en apogeo en el ambiente cristiano. Pablo le dice: habrá hombres que tendrán la conciencia cauterizada y prohibirán el matrimonio y abstenerse de ciertos alimentos. Pero el apóstol pablo le dice que nada debe de rechazarse si se recibe en acción de gracias, por todo lo creado por Dios es bueno si se lo recibe en acción de gracias, por que es santificado por medio de la oración. | |
| 526 | _aSEG44 | ||
| 526 | _aSEG26 | ||
| 526 | _aP151 | ||
| 526 | _aP150 | ||
| 526 | _aP149 | ||
| 526 | _aP146 | ||
| 526 | _aP145 | ||
| 526 | _aP126 | ||
| 526 | _aP125 | ||
| 526 | _aP92 | ||
| 526 | _aP75 | ||
| 526 | _aP74 | ||
| 526 | _aP27 | ||
| 526 | _aP15 | ||
| 650 | 0 | 4 |
_aBiblia _xTimoteo I _xComentarios. |
| 596 | _a1 | ||
| 942 |
_2ddc _cTESIS |
||
| 999 |
_aTT 2 M42 2006 _wALPHANUM _c9297 _iT00398 _lCCODEBUL3 _mBUL _r1 _sY _tTESIS _u2016-5-10 _xTEOLOGIA _PP35 _o.STAFF. Tesis _d9297 |
||
| 980 |
_81 _gALBERTO SANCHEZ Responsable de Automatización |
||